[Event "Lines On Reading Too Many Poets"]
[Site "http://www.queenalice.com/game.php?id=22315"]
[Date "2005.8.2"]
[Round "-"]
[White "pedrinhoIII"]
[Black "DorothyParker"]
[Result "0-1"]
[WhiteElo "1555"]
[BlackElo "1813"]

1. e4 d5 2. exd5 Nf6 3. Bc4 Nxd5 4. Qf3 c6 5. Nc3 Be6 6. Nxd5 Bxd5 7. Bxd5 cxd5
8. Qb3 Qd7 9. Nf3 Nc6 10. Ng5 e5 11. O-O h6 12. Nf3 e4 13. Re1 Be7 14. Qc3 exf3
15. gxf3 O-O-O 16. Qxg7 Rhg8 17. Qxg8 Rxg8+ 0-1

[Event "Neither Bloody Nor Bowed"]
[Site "http://www.queenalice.com/game.php?id=22317"]
[Date "2005.8.2"]
[Round "-"]
[White "dalacort"]
[Black "DorothyParker"]
[Result "0-1"]
[WhiteElo "1178"]
[BlackElo "1822"]

1. e4 d6 2. d4 Nf6 3. Bd3 c6 4. Nf3 Bg4 5. Nc3 Nbd7 6. Bf4 Qb6 7. h3 Bxf3 8.
Qxf3 Qxd4 9. Be3 Qb4 10. Bd2 Ne5 11. Qe3 Nxd3+ 12. Qxd3 Qb6 13. O-O e5 14. Be3
Qc7 15. a3 Be7 16. b4 O-O 17. Bg5 Rad8 18. Qg3 Kh8 0-1

[Event "Challenge"]
[Site "http://www.queenalice.com/game.php?id=22326"]
[Date "2005.8.2"]
[Round "-"]
[White "dnptrs"]
[Black "DorothyParker"]
[Result "1/2-1/2"]
[WhiteElo "1880"]
[BlackElo "1868"]

1. d4 Nf6 2. Nf3 c5 3. e3 d5 4. Be2 Nc6 5. O-O h6 6. c3 Bf5 7. dxc5 a5 8. Nd4
Bh7 9. b4 Bxb1 10. Rxb1 e5 11. Nxc6 bxc6 12. Qb3 Be7 13. a3 O-O 14. Bd3 e4 15.
Be2 Nd7 16. Bb2 Qc7 17. Rfd1 Rfb8 18. Qc2 f5 19. Ba1 Bf6 20. c4 Bxa1 21. Rxa1
axb4 22. cxd5 bxa3 23. d6 Qa5 24. Qc4+ Kh8 25. Qe6 Nxc5 26. Qxf5 Rf8 27. Qh5 a2
28. Bc4 Qb4 29. Qe2 Nb3 30. Bxb3 Qxb3 31. h3 c5 32. Kh2 c4 33. Rd2 c3 34. Rdxa2
Rad8 35. Qd1 Qe6 36. Qd4 Qxd6+ 37. Qxd6 Rxd6 38. Ra8 Rfd8 39. Rxd8+ Rxd8 40. Rc1
Rd3 41. Kg3 1/2-1/2

[Event "Let's Play Chess!"]
[Site "http://www.queenalice.com/game.php?id=22465"]
[Date "2005.8.3"]
[Round "-"]
[White "joeuno"]
[Black "DorothyParker"]
[Result "0-1"]
[WhiteElo "1227"]
[BlackElo "1822"]

1. e3 c5 2. c4 Nc6 3. g3 d5 4. cxd5 Qxd5 5. f3 Nf6 6. Nc3 Qh5 7. Bd3 a6 8. b3 e5
9. Ba3 Be7 10. g4 Nxg4 11. fxg4 Bh4+ 12. Ke2 Bxg4+ 13. Nf3 Bxf3+ 14. Kf1 Bxd1
15. Bxc5 Qf3+ 16. Kg1 Qf2# 0-1

[Event "Challenge"]
[Site "http://www.queenalice.com/game.php?id=22490"]
[Date "2005.8.3"]
[Round "-"]
[White "rafael_keller"]
[Black "DorothyParker"]
[Result "0-1"]
[WhiteElo "1638"]
[BlackElo "1700"]

1. e4 Nf6 2. Nc3 d5 3. e5 Ne4 4. Nb5 a6 5. Nd4 e6 6. d3 Nxf2 7. Kxf2 Qh4+ 8. Ke3
c5 9. Ndf3 d4+ 10. Ke2 Qh5 11. Ke1 Nc6 12. Bf4 Be7 13. Be2 Qg6 14. g3 O-O 15.
Nh3 f6 16. Nh4 Qe8 17. exf6 Bxf6 18. Bf3 e5 19. Bg5 Bxh3 20. Bxf6 Rxf6 21. Qe2
Be6 22. Kd2 Rc8 23. Rae1 Bf7 24. Bg4 Rc7 25. a3 b5 26. Nf3 c4 27. Qe4 c3+ 28.
bxc3 dxc3+ 29. Kc1 Qe7 30. Kd1 Qxa3 31. Nh4 Rf2 32. Qe3 Qa1+ 33. Qc1 Rd2# 0-1

[Event "The Importance of Being Earnest"]
[Site "http://www.queenalice.com/game.php?id=22639"]
[Date "2005.8.4"]
[Round "-"]
[White "DorothyParker"]
[Black "refutor"]
[Result "1-0"]
[WhiteElo "1848"]
[BlackElo "1566"]

1. d4 Nf6 2. c4 e6 3. Nc3 Bb4 4. Qb3 Bxc3+ 5. Qxc3 O-O 6. Nf3 b6 7. g3 Bb7 8.
Bg2 Ne4 9. Qc2 d5 10. b3 Nd7 11. O-O f5 12. Bf4 c5 13. Rfd1 cxd4 14. Nxd4 Rc8
15. Nxe6 Qe7 16. Nxf8 Rxf8 17. cxd5 Rc8 18. d6 1-0

[Event "Picture of Dorian Gray"]
[Site "http://www.queenalice.com/game.php?id=22640"]
[Date "2005.8.4"]
[Round "-"]
[White "p3dr0"]
[Black "DorothyParker"]
[Result "0-1"]
[WhiteElo "1299"]
[BlackElo "1792"]

1. Nf3 d6 2. d3 e5 3. g3 f5 4. e3 Nf6 5. Nc3 Be7 6. b3 O-O 7. Bh3 Nc6 8. a4 e4
9. dxe4 fxe4 10. Bxc8 Qxc8 11. Ba3 exf3 12. h3 Qf5 13. g4 Qe5 14. Bb2 Rad8 15.
e4 d5 16. g5 dxe4 17. gxf6 Rxd1+ 18. Nxd1 Qa5+ 19. Bc3 Bb4 20. fxg7 Bxc3+ 21.
Nxc3 Qxc3+ 22. Kd1 Rd8+ 23. Kc1 Qxa1# 0-1

[Event "Let's Play Chess!"]
[Site "http://www.queenalice.com/game.php?id=22798"]
[Date "2005.8.5"]
[Round "-"]
[White "CarlosBianchi"]
[Black "DorothyParker"]
[Result "0-1"]
[WhiteElo "1878"]
[BlackElo "1825"]

1. d4 f5 2. Nf3 Nf6 3. Nc3 d6 4. Bg5 Nbd7 5. d5 c6 6. Qd4 cxd5 7. Nxd5 e5 8. Qd2
h6 9. Bxf6 Nxf6 10. e3 Bd7 11. Nxf6+ Qxf6 12. Qb4 Bc6 13. Bb5 d5 14. Bxc6+ Qxc6
15. Qb3 Bd6 16. O-O O-O-O 17. Rac1 Kb8 18. c4 dxc4 19. Rxc4 Qe8 20. e4 f4 0-1

[Event "Let's Play Chess!"]
[Site "http://www.queenalice.com/game.php?id=22799"]
[Date "2005.8.5"]
[Round "-"]
[White "CarlosBianchi"]
[Black "DorothyParker"]
[Result "1-0"]
[WhiteElo "1864"]
[BlackElo "1822"]

1. d4 d5 2. e3 c5 3. c4 dxc4 4. Bxc4 cxd4 5. Qxd4 Qxd4 6. exd4 Nf6 7. Nf3 Nbd7
8. Nc3 a6 9. Be3 b5 10. Bd5 Nxd5 11. Nxd5 Ra7 12. Rc1 Bb7 13. Nc7+ Kd8 14. Ng5
Bc6 15. Rxc6 Rxc7 16. Nxf7+ 1-0

[Event "Let's Play Chess!"]
[Site "http://www.queenalice.com/game.php?id=22802"]
[Date "2005.8.5"]
[Round "-"]
[White "DorothyParker"]
[Black "CarlosBianchi"]
[Result "1-0"]
[WhiteElo "1798"]
[BlackElo "1878"]

1. e4 e5 2. Nc3 Nf6 3. f4 d5 4. fxe5 Nxe4 5. Nf3 c6 6. d3 Nxc3 7. bxc3 Qa5 8.
Bd2 Be7 9. d4 Bg4 10. Bd3 O-O 11. O-O c5 12. c4 Qd8 13. cxd5 Qxd5 14. c4 Bxf3
15. Rxf3 Qxd4+ 16. Kh1 Qxe5 17. Bc3 Qd6 18. Bxg7 Kxg7 19. Rg3+ Kh8 20. Qg4 1-0

[Event "Let's Play Chess!"]
[Site "http://www.queenalice.com/game.php?id=23549"]
[Date "2005.8.11"]
[Round "-"]
[White "rochess"]
[Black "DorothyParker"]
[Result "0-1"]
[WhiteElo "1495"]
[BlackElo "1792"]

1. e4 d5 2. exd5 Nf6 3. Nc3 Nxd5 4. Nxd5 Qxd5 5. Nf3 Nc6 6. d4 Bg4 7. c3 O-O-O
8. Be2 e5 9. Be3 exd4 10. cxd4 Bb4+ 11. Bd2 Bxf3 12. Bxf3 Rhe8+ 13. Kf1 Qxd4 14.
Bxb4 Qc4+ 0-1

[Event "The Jewess Roar"]
[Site "http://www.queenalice.com/game.php?id=24184"]
[Date "2005.8.15"]
[Round "-"]
[White "DorothyParker"]
[Black "Walter"]
[Result "1-0"]
[WhiteElo "1822"]
[BlackElo "1385"]

1. e4 e6 2. d4 d5 3. Nc3 c5 4. exd5 exd5 5. dxc5 Bxc5 6. Qxd5 Qxd5 7. Nxd5 Kd7
8. Bf4 Ne7 9. O-O-O Nxd5 10. Rxd5+ Kc6 11. Rd2 b6 12. g3 Kb7 13. Nh3 Bxh3 14.
Bxh3 a5 15. Bg2+ Nc6 16. Rd7+ Ka6 17. Bxc6 1-0

[Event "I'm happy to be from Leningrad"]
[Site "http://www.queenalice.com/game.php?id=24185"]
[Date "2005.8.15"]
[Round "-"]
[White "KyoteeSun"]
[Black "DorothyParker"]
[Result "0-1"]
[WhiteElo "1220"]
[BlackElo "1792"]

1. e4 d6 2. Qf3 Nd7 3. Bc4 Ne5 4. Qc3 Nxc4 5. Qxc4 Nf6 6. Na3 g6 7. Nb5 c6 8.
Na3 Bg7 9. Nf3 O-O 10. d4 Nxe4 11. O-O d5 12. Qc5 Nxc5 13. Ne5 Nd7 14. Re1 Qa5
15. c3 Nxe5 16. dxe5 d4 17. b4 Qa4 18. cxd4 Qxb4 19. Kf1 Bf5 20. g3 Qxd4 21. g4
Bd3+ 22. Re2 Qxa1 23. Kg2 Qxc1 24. Nc2 Bxe2 25. Ne3 Bxe5 26. f3 Qxe3 27. h4
Bxf3+ 28. Kf1 Bh2 29. g5 Qg1# 0-1

[Event "Memories of Ithica"]
[Site "http://www.queenalice.com/game.php?id=24187"]
[Date "2005.8.15"]
[Round "-"]
[White "Claumann"]
[Black "DorothyParker"]
[Result "1-0"]
[WhiteElo "1892"]
[BlackElo "1870"]

1. e4 d6 2. d4 Nf6 3. Nc3 c6 4. Bg5 Nbd7 5. Nf3 h6 6. Bf4 Qa5 7. Qd3 e5 8. Be3
exd4 9. Qxd4 d5 10. exd5 Nxd5 11. Bc4 N7f6 12. O-O Nxc3 13. Bd2 Bb4 14. Rae1+
Nce4 15. Bxb4 Qf5 16. Nd2 1-0

[Event "Challenge"]
[Site "http://www.queenalice.com/game.php?id=27264"]
[Date "2005.9.3"]
[Round "-"]
[White "changchnps"]
[Black "DorothyParker"]
[Result "0-1"]
[WhiteElo "1745"]
[BlackElo "1849"]

1. Nf3 d6 2. g3 e5 3. d4 e4 4. Nfd2 f5 5. c4 Nf6 6. Nc3 d5 7. b3 Bb4 8. Bb2 O-O
9. e3 c5 10. a3 cxd4 11. exd4 Bxc3 12. Bxc3 Nc6 13. Ra2 f4 14. Qa1 Ng4 15. Be2
Nxf2 16. Kxf2 e3+ 0-1

[Event "Challenge"]
[Site "http://www.queenalice.com/game.php?id=27265"]
[Date "2005.9.3"]
[Round "-"]
[White "DorothyParker"]
[Black "changchnps"]
[Result "1/2-1/2"]
[WhiteElo "1874"]
[BlackElo "1811"]

1. e4 c6 2. d4 d5 3. Nc3 dxe4 4. Nxe4 Bf5 5. Ng3 Bg6 6. Nf3 e6 7. h4 h6 8. Ne5
Qf6 9. Nxg6 Qxg6 10. Bd3 Qf6 11. Be3 Bd6 12. Ne4 Qe7 13. Nxd6+ Qxd6 14. Qg4 Ne7
15. Qxg7 Rg8 16. Qxh6 Qb4+ 17. Ke2 Nd7 18. Rab1 O-O-O 19. g3 Nf5 20. Bxf5 exf5
21. Rhd1 Qc4+ 22. Kd2 Ne5 23. Kc1 Ng4 24. Qf4 Qe6 25. b3 Nxe3 26. fxe3 Rg4 27.
Qf3 Rdg8 28. Rf1 Rxg3 29. Qxf5 Rxe3 30. Qxf7 Qxf7 31. Rxf7 Re4 32. c3 Re2 33.
Rf1 Rxa2 34. Rb2 Ra1+ 35. Rb1 Ra2 36. Rb2 Ra1+ 37. Rb1 Ra2 1/2-1/2

[Event "Challenge"]
[Site "http://www.queenalice.com/game.php?id=30696"]
[Date "2005.9.28"]
[Round "-"]
[White "DorothyParker"]
[Black "refutor"]
[Result "1-0"]
[WhiteElo "1864"]
[BlackElo "1681"]

1. e4 c5 2. Nf3 Nc6 3. Bb5 g6 4. O-O Bg7 5. c3 d6 6. d4 cxd4 7. cxd4 Bd7 8. Nc3
Qb6 9. Be3 Qc7 10. Rc1 Nf6 11. Bxc6 Bxc6 12. d5 Bd7 13. Nb5 1-0